| 000 | 00545nam a2200181Ia 4500 | ||
|---|---|---|---|
| 005 | 20250508164155.0 | ||
| 008 | 008 250505s9999 xx 000 0 eng d | ||
| 037 | _aReference | ||
| 040 |
_aFEDL _beng _cFEDL |
||
| 041 |
_aeng _2eng |
||
| 084 |
_a910.7, BUT/RR _qFEDL |
||
| 100 | _aButt Graham | ||
| 245 | 0 | _aReflective teaching of geography 11-18: Continuum studies in reflective practice and theory | |
| 260 |
_aLondon, UK _bContinuum _c2002 |
||
| 300 | _a230p. | ||
| 942 |
_cREF _h910.7, BUT/RR |
||
| 999 |
_c1387439 _d1387439 |
||